000
00252nam a2200097Ia 4500
008
230907s9999||||xx |||||||||||||| ||und||
082
_a
621.042,FIB
245
0
_a
Fiber-shaped energy harvesting and storage devices /
300
_a
x,218 p.:
942
_c
BK
999
_c
597647
_d
597647